| 000 | 00837nam a2200241Ia 4500 | ||
|---|---|---|---|
| 003 | GCL | ||
| 005 | 20240530102847.0 | ||
| 008 | 140319s9999 xx 000 0 ara d | ||
| 040 |
_aGCL / _cGCL |
||
| 082 | 0 | 4 |
_a370.1934 _bف ك |
| 100 | 1 | _aفرماوى محمد فرماوى | |
| 245 | 1 | 0 |
_aكيف تستثمر وقت طفلك / _cتاليف فرماوى محمد فرماوى ، عصام احمد حسن ؛ تقديم فتح الباب عبدالحليم سيد |
| 260 |
_a[S.N] : _bسفير ، _c1994 |
||
| 300 | _a94 ص | ||
| 490 |
_aسفير التربوية _v0 |
||
| 650 | 0 | 4 | _aالتربية |
| 650 | 0 | 4 | _aالاطفال |
| 650 | 0 | 4 | _aالتليفزيون |
| 650 | 0 | 4 | _aعلم نفس الطفل |
| 650 | 0 | 4 | _aالاطفال المعوقون |
| 700 | 0 | _aفتح الباب عبدالحليم سيد | |
| 942 |
_2ddc _cBK |
||
| 999 |
_c34996 _d34996 |
||